| Tag |
First Indicator |
Second Indicator |
Subfields |
| LEADER |
00000cam a2200000 i 4500 |
| 001 |
in00004028913 |
| 005 |
20181023093727.0 |
| 006 |
m o d f |
| 007 |
cr n|||||||||| |
| 008 |
141123s1997 vauab ob f000 0 eng c |
| 035 |
|
|
|a (OCoLC)ocn896811461
|
| 040 |
|
|
|a COP
|b eng
|e rda
|e pn
|c COP
|d OCLCO
|d OCLCF
|d GPO
|d MvI
|d UtOrBLW
|
| 042 |
|
|
|a pcc
|
| 043 |
|
|
|a n-us-wy
|
| 049 |
|
|
|a WWW
|
| 074 |
|
|
|a 0624 (online)
|
| 086 |
0 |
|
|a I 19.16:1583
|
| 100 |
1 |
|
|a Leopold, Luna B.
|q (Luna Bergere),
|d 1915-2006,
|e author.
|0 http://id.loc.gov/authorities/names/n50049889
|
| 245 |
1 |
0 |
|a Bedload and river hydraulics :
|b inferences from the East Fork River, Wyoming /
|c by Luna B. Leopold and William W. Emmett.
|
| 264 |
|
1 |
|a [Reston, Virginia ] :
|b U.S. Department of the Interior, U.S. Geological Survey,
|c 1997.
|
| 300 |
|
|
|a 1 online resource (v, 52 pages) :
|b illustrations, maps.
|
| 336 |
|
|
|a text
|b txt
|2 rdacontent
|
| 337 |
|
|
|a computer
|b c
|2 rdamedia
|
| 338 |
|
|
|a online resource
|b cr
|2 rdacarrier
|
| 490 |
1 |
|
|a U.S. Geological Survey professional paper ;
|v 1583
|
| 504 |
|
|
|a Includes bibliographical references (pages 43-45).
|
| 588 |
|
|
|a Description based on online resource, PDF version; title from PDF title page (USGS, viewed October 16, 2014).
|
| 650 |
|
0 |
|a Bed load
|z Wyoming
|z East Fork River.
|
| 650 |
|
0 |
|a Stream measurements
|z Wyoming
|z East Fork River.
|
| 650 |
|
0 |
|a Hydraulics.
|0 http://id.loc.gov/authorities/subjects/sh85063354
|
| 650 |
|
7 |
|a Bed load.
|2 fast
|0 (OCoLC)fst00829466
|
| 650 |
|
7 |
|a Stream measurements.
|2 fast
|0 (OCoLC)fst01134581
|
| 651 |
|
7 |
|a Wyoming
|z East Fork River.
|2 fast
|0 (OCoLC)fst01282888
|
| 700 |
1 |
|
|a Emmett, William W.,
|e author.
|0 http://id.loc.gov/authorities/names/n80024427
|
| 710 |
2 |
|
|a Geological Survey (U.S.),
|e issuing body.
|0 http://id.loc.gov/authorities/names/n80092173
|
| 776 |
0 |
8 |
|i Print version:
|a Leopold, Luna B. (Luna Bergere), 1915-2006.
|t Bedload and river hydraulics
|w (DLC) 97044113
|w (OCoLC)38067522
|
| 830 |
|
0 |
|a U.S. Geological Survey professional paper ;
|v 1583.
|0 http://id.loc.gov/authorities/names/n88643688
|
| 856 |
4 |
0 |
|u https://purl.fdlp.gov/GPO/gpo92127
|t 0
|
| 999 |
f |
f |
|s 0f8759cb-79ca-3bd6-88b6-e178b052acf2
|i de4c41a6-bd3d-30ff-9547-85bef5055da6
|t 0
|
| 952 |
f |
f |
|a Texas A&M University
|b College Station
|c Electronic Resources
|d Available Online
|t 0
|e I 19.16:1583
|h Superintendent of Documents classification
|
| 998 |
f |
f |
|a I 19.16:1583
|t 0
|l Available Online
|